The making of Western Christendom, 4th - 8th centuries
| Contributors: | ; |
|---|---|
| Format: | Print Book |
| Language: | English French Spanish German |
| Subito Delivery Service: | Order now. |
| Check availability: | HBZ Gateway |
| WorldCat: | WorldCat |
| Interlibrary Loan: | Interlibrary Loan for the Fachinformationsdienste (Specialized Information Services in Germany) |
| Published: |
Warszawa
Fundacja Centrum Badań Historycznych [u.a.]
2012
|
| In: |
Quaestiones medii aevi novae (17)
Year: 2012 |
| Series/Journal: | Quaestiones medii aevi novae
17 |
| Standardized Subjects / Keyword chains: | B
Europe
/ Christianity
/ History 300-800
B Europe / Church history studies 300-800 B Europe / History 300-1600 |
| Further subjects: | B
Collection of essays
B Christianization B History 300-800 B Europe B Christianity B Society |
| Online Access: |
Table of Contents |
MARC
| LEADER | 00000cam a2200000 c 4500 | ||
|---|---|---|---|
| 001 | 751145807 | ||
| 003 | DE-627 | ||
| 005 | 20251224184106.0 | ||
| 007 | tu | ||
| 008 | 130704s2012 pl ||||| 00| ||eng c | ||
| 020 | |a 9788361033615 |9 978-83-61033-61-5 | ||
| 035 | |a (DE-627)751145807 | ||
| 035 | |a (DE-576)390749265 | ||
| 035 | |a (DE-599)BVBBV041109367 | ||
| 035 | |a (OCoLC)854743510 | ||
| 035 | |a (OCoLC)855549766 | ||
| 035 | |a (DE-604)BV041109367 | ||
| 040 | |a DE-627 |b ger |c DE-627 |e rakwb | ||
| 041 | |a eng |a fre |a spa |a ger | ||
| 044 | |c XA-PL | ||
| 082 | 0 | |a 200.9 |q DE-604 |2 22/ger | |
| 084 | |a 1 |2 ssgn | ||
| 084 | |a 11.52 |2 bkl | ||
| 245 | 0 | 4 | |a The making of Western Christendom, 4th - 8th centuries |c [ed. board Wojciech Fałkowski - ed. in chief] |
| 264 | 1 | |a Warszawa |b Fundacja Centrum Badań Historycznych [u.a.] |c 2012 | |
| 300 | |a 493 S. |b Ill., Kt. |c 24 cm. | ||
| 336 | |a Text |b txt |2 rdacontent | ||
| 337 | |a ohne Hilfsmittel zu benutzen |b n |2 rdamedia | ||
| 338 | |a Band |b nc |2 rdacarrier | ||
| 490 | 1 | |a Quaestiones medii aevi novae |v Vol. 17 | |
| 500 | |a Beitr. teilw. dt., teilw. engl., teilw. franz | ||
| 546 | |a Beitr. teilw. dt., teilw. engl., teilw. franz., teilw. span. | ||
| 583 | 1 | |a Archivierung/Langzeitarchivierung gewährleistet |f SSG |x XA-DE-BW |2 pdager |5 DE-21 | |
| 583 | 1 | |a Archivierung prüfen |c 20240324 |f DE-4165 |z 2 |2 pdager | |
| 601 | |a Western | ||
| 650 | 4 | |a Geschichte 300-800 |7 (dpeaa)DE-2491 | |
| 650 | 4 | |a Aufsatzsammlung |7 (dpeaa)DE-2491 | |
| 650 | 4 | |a Europa |7 (dpeaa)DE-2491 | |
| 650 | 4 | |a Christentum |7 (dpeaa)DE-2491 | |
| 650 | 4 | |a Christianisierung |7 (dpeaa)DE-2491 | |
| 650 | 4 | |a Gesellschaft |7 (dpeaa)DE-2491 | |
| 655 | 7 | |a Aufsatzsammlung |0 (DE-588)4143413-4 |0 (DE-627)105605727 |0 (DE-576)209726091 |2 gnd-content | |
| 689 | 0 | 0 | |d g |0 (DE-588)4015701-5 |0 (DE-627)104289007 |0 (DE-576)208913092 |2 gnd |a Europa |
| 689 | 0 | 1 | |d s |0 (DE-588)4010074-1 |0 (DE-627)104493933 |0 (DE-576)20888579X |2 gnd |a Christentum |
| 689 | 0 | 2 | |q z |2 gnd |a Geschichte 300-800 |
| 689 | 0 | |5 DE-101 | |
| 689 | 1 | 0 | |d g |0 (DE-588)4015701-5 |0 (DE-627)104289007 |0 (DE-576)208913092 |2 gnd |a Europa |
| 689 | 1 | 1 | |q z |2 gnd |a Kirchengeschichte 300-800 |
| 689 | 1 | |5 DE-101 | |
| 689 | 2 | 0 | |d g |0 (DE-588)4015701-5 |0 (DE-627)104289007 |0 (DE-576)208913092 |2 gnd |a Europa |
| 689 | 2 | 1 | |q z |2 gnd |a Geschichte 300-1600 |
| 689 | 2 | |5 (DE-627) | |
| 700 | 1 | |0 (DE-588)103633448 |0 (DE-627)582061644 |0 (DE-576)171627628 |4 oth |a Fałkowski, Wojciech |d 1952- | |
| 700 | 1 | |e Hrsg. |0 (DE-588)142983632 |0 (DE-627)641419287 |0 (DE-576)332217345 |4 edt |a Oudart, Hervé |d 1960- | |
| 830 | 0 | |a Quaestiones medii aevi novae |v 17 |9 2012,17 |w (DE-627)231982593 |w (DE-576)060513918 |w (DE-600)1388828-6 |x 1427-4418 |7 am | |
| 856 | 4 | 2 | |u http://d-nb.info/1035843536/04 |m B:DE-101 |q application/pdf |3 Inhaltsverzeichnis |7 1 |
| 935 | |a mteo | ||
| 935 | |i Blocktest | ||
| 936 | b | k | |a 11.52 |j Mittelalterliches Christentum |0 (DE-627)10641965X |
| 951 | |a BO | ||
| ACO | |a 1 | ||
| ELC | |b 1 | ||
| ITA | |a 1 |t 1 | ||
| LOK | |0 000 xxxxxcx a22 zn 4500 | ||
| LOK | |0 001 3101940664 | ||
| LOK | |0 003 DE-627 | ||
| LOK | |0 004 751145807 | ||
| LOK | |0 005 20131203130003 | ||
| LOK | |0 008 131203||||||||||||||||ger||||||| | ||
| LOK | |0 040 |a DE-21 |c DE-627 |d DE-21 | ||
| LOK | |0 852 |a DE-21 | ||
| LOK | |0 852 1 |c ZA 9661-17 |9 00 | ||
| LOK | |0 938 |a 1312 |f 25 | ||
| LOK | |0 939 |a 03-12-13 |b l01 | ||
| LOK | |0 000 xxxxxcx a22 zn 4500 | ||
| LOK | |0 001 3722930278 | ||
| LOK | |0 003 DE-627 | ||
| LOK | |0 004 751145807 | ||
| LOK | |0 005 20200710085931 | ||
| LOK | |0 008 200710||||||||||||||||ger||||||| | ||
| LOK | |0 035 |a (DE-Tue135)BVBBV041109367 | ||
| LOK | |0 040 |a DE-Tue135 |c DE-627 |d DE-Tue135 | ||
| LOK | |0 092 |o n | ||
| LOK | |0 852 |a DE-Tue135 | ||
| LOK | |0 852 1 |9 00 | ||
| LOK | |0 935 |a bsbo | ||
| LOK | |0 939 |a 10-07-20 |b l01 | ||
| ORI | |a SA-MARC-ixtheoa001.raw | ||
| REL | |a 1 | ||
| STA | 0 | 0 | |a Christianity,Christian world view,World view,Christian ideology,Christianization,Christianization,Collection of essays,Europe,Europe,Europe,The West,Occident,Northeastern Europe,Society,Society,Society in art |
| STB | 0 | 0 | |a Christianisation,Christianisation,Christianisme,Christianisme,Europe,Recueil d'articles,Société,Société |
| STC | 0 | 0 | |a Colección de artículos,ensayos,ensayos,Cristianismo,Cristianismo,Cristiandad,Cristiandad,Cristiandad (Motivo),Cristiandad,Cristianización,Cristianización,Europa,Sociedad,Sociedad,Sociedad |
| STD | 0 | 0 | |a Cristianesimo,Cristianesimo,Cristianizzazione,Cristianizzazione,Europa,Raccolta di saggi,Opera collettiva,Opera collettiva,Società,Società |
| STE | 0 | 0 | |a 基督教,基督教,基督教世界观,基督教化,社会 |
| STF | 0 | 0 | |a 基督教,基督教,基督教世界觀,基督教化,社會 |
| STG | 0 | 0 | |a Coletânea de artigos,ensaios,ensaios,Cristianismo,Cristianismo,Cristandade,Cristandade,Cristandade (Motivo),Cristandade,Cristianização,Cristianização,Europa,Sociedade,Sociedade |
| STH | 0 | 0 | |a Европа (мотив),Обращение в христианство (мотив),Обращение в христианство,Общество (мотив),Общество,Сборник статей,Христианство (мотив),Христианство |
| STI | 0 | 0 | |a Εκχριστιανισμός (μοτίβο),Εκχριστιανισμός,Ευρώπη (μοτίβο),Κοινωνία (μοτίβο),Κοινωνία,Συλλογή δοκιμίων,Χριστιανισμός (μοτίβο),Χριστιανισμός |
| SUB | |a REL | ||
| SYE | 0 | 0 | |a Einzelbeiträge,Essays,Reader,Sammelwerk,Sammlung <Aufsatzsammlung>,Beiträge,Einzelbeiträge,Sammelwerk , Liberté,Europa III,Europe,Europäische Länder,Europäische Staaten , Abendland,Okzident , Christianity,Christliche Mission,Missionierung,Christenheit,Christianitas,Christliche Religion,Christliche Weltanschauung , Society,Bürgergesellschaft,Bürgerliche Gesellschaft |
| SYG | 0 | 0 | |a Liberté,Europa III,Europe,Europäische Länder,Europäische Staaten , Abendland,Okzident , Christianity,Christliche Mission,Missionierung,Christenheit,Christianitas,Christliche Religion,Christliche Weltanschauung , Liberté,Europa III,Europe,Europäische Länder,Europäische Staaten , Abendland,Okzident , Liberté,Europa III,Europe,Europäische Länder,Europäische Staaten , Abendland,Okzident |
| TIM | |a 100003000101_100008001231 |b Geschichte 300-800 | ||